[Event "CZE-ch U14 Girls"]
[Site "Kouty nad Desnou"]
[Date "2020.03.11"]
[Round "6"]
[White "Stribna, Julie"]
[Black "Spacilova, Klara"]
[Result "1-0"]
[WhiteElo "1046"]
[BlackElo "1188"]
[PlyCount "147"]
[EventDate "2020.03.07"]
[EventType "swiss"]
[EventRounds "7"]
[EventCountry "CZE"]
[SourceTitle "CBM 195 Extra"]
[Source "ChessBase"]
[SourceDate "2020.05.31"]
[SourceVersion "1"]
[SourceVersionDate "2020.05.31"]
[SourceQuality "1"]

1. e4 e5 2. Nf3 Nc6 3. Bc4 Nf6 4. Nc3 Nxe4 5. Nxe4 d5 6. Bxd5 Qxd5 7. d3 Be7 8. Be3 0-0 9. 0-0 Bg4 10. Re1 f5 11. Nc3 Qe6 12. Qc1 Bxf3 13. gxf3 Qg6+ 14. Kh1 f4 15. Bd2 Qh5 16. Qd1 Nd4 17. Rg1 Qxf3+ 18. Qxf3 Nxf3 19. Rgd1 Rf5 20. Ne4 Rh5 21. h3 Nxd2 22. Nxd2 Rxh3+ 23. Kg2 Rh6 24. Nf3 Rf8 25. Kf1 Rh1+ 26. Ke2 Rxd1 27. Rxd1 Bf6 28. c3 Re8 29. Nd2 g5 30. f3 Re6 31. Kf2 Rb6 32. b3 Ra6 33. a4 Bg7 34. Ne4 Rg6 35. Rg1 h6 36. b4 Bf8 37. b5 b6 38. c4 Bc5+ 39. Nxc5 bxc5 40. Re1 Re6 41. Re4 Kf7 42. Re1 Kf6 43. Rh1 Kf5 44. Rh5 c6 45. a5 cxb5 46. cxb5 Kg6 47. Rh1 Rd6 48. Ke2 h5 49. Rb1 Rd8 50. Rc1 Rc8 51. Rb1 Rb8 52. b6 axb6 53. Rxb6+ Rxb6 54. axb6 h4 55. b7 c4 56. b8Q cxd3+ 57. Kxd3 Kf6 58. Qd8+ Kg6 59. Qg8+ Kf6 60. Ke4 g4 61. Qxg4 Ke7 62. Qg6 h3 63. Qh7+ Ke6 64. Qxh3+ Kd6 65. Qf5 Kc5 66. Qxe5+ Kc4 67. Qd4+ Kb5 68. Qc3 Kb6 69. Kd5 Kb7 70. Kd6 Kb8 71. Kd7 Kb7 72. Qb3+ Ka6 73. Kc6 Ka7 74. Qb7# 1-0

[Event "CZE-ch U14 Girls"]
[Site "Kouty nad Desnou"]
[Date "2020.03.09"]
[Round "3"]
[White "Stribna, Julie"]
[Black "Jirotova, Eliska"]
[Result "0-1"]
[WhiteElo "1046"]
[BlackElo "1333"]
[PlyCount "98"]
[EventDate "2020.03.07"]
[EventType "swiss"]
[EventRounds "7"]
[EventCountry "CZE"]
[SourceTitle "CBM 195 Extra"]
[Source "ChessBase"]
[SourceDate "2020.05.31"]
[SourceVersion "1"]
[SourceVersionDate "2020.05.31"]
[SourceQuality "1"]

1. e4 c5 2. c3 Nc6 3. d4 cxd4 4. cxd4 d6 5. Nc3 g6 6. Be3 Bg7 7. Nf3 Nf6 8. Bb5 0-0 9. h3 a6 10. Bc4 b5 11. Bd3 Bd7 12. a3 Rc8 13. Rc1 e5 14. dxe5 dxe5 15. 0-0 Ne8 16. Qd2 Nd4 17. Bxd4 exd4 18. Ne2 Bc6 19. Ng3 Qb6 20. b4 Nd6 21. Rfe1 Bb7 22. Rxc8 Rxc8 23. Rc1 Nc4 24. Qa2 Ne5 25. Rxc8+ Bxc8 26. Nxe5 Bxe5 27. Qc2 Be6 28. Qc5 Qxc5 29. bxc5 Bc4 30. Bc2 a5 31. Nf1 b4 32. axb4 axb4 33. Nd2 Bb5 34. Bb3 Kf8 35. g3 d3 36. Kf1 Bd4 37. Bc4 Bxc4 38. Nxc4 b3 39. Nd2 b2 40. c6 Ke7 41. Nb1 Kd6 42. Ke1 Kxc6 43. f3 Be3 44. Kd1 Kc5 45. e5 Kd4 46. f4 Bf2 47. g4 Bg3 48. f5 Bxe5 49. fxg6 fxg6 0-1